000 00378nam a22001337a 4500
999 _c3553
_d3553
008 200618b ||||| |||| 00| 0 eng d
082 0 0 _a515.6302462
_bH659
100 _92939
_aHinchey, F. A.
245 1 0 _aVectors and tensors for engineers and scientists /
_cby F. A. Hinchey
260 _aCalcutta
_bWiley
_c1976
300 _avi, 298 p.
650 0 _aVector analysis
942 _cBK